Systém zálohovania ako alternatíva podpory obehového hospodárstva

Saved in:
Bibliographic Details
Main Author: Lieskovská, Vanda, 1961-
Format: Book Chapter
Language:Slovak
Subjects:
Tags: Add Tag
No Tags, Be the first to tag this record!

MARC

LEADER 00000naa$a2200000$$$4500
001 0281358
005 20240502074358.7
041 0 |a slo 
044 |a SK 
245 1 0 |a Systém zálohovania ako alternatíva podpory obehového hospodárstva  |c Vanda Lieskovská 
500 |a abstrakt 
610 2 0 |a hospodárstvo obehové 
610 2 0 |a recyklácia odpadu 
610 2 0 |a plasty 
610 2 0 |a prostredie životné 
610 2 0 |a obaly 
610 2 0 |a systémy zálohové 
610 2 0 |a Európska únia 
100 1 |a Lieskovská, Vanda, 1961-